| 000 | 01206nam a22001937a 4500 | ||
|---|---|---|---|
| 999 |
_c63592 _d63592 |
||
| 003 | Ge_BSU | ||
| 005 | 20251110160148.0 | ||
| 008 | 251110s1979 ge ||||| |||| 00| 0 geo d | ||
| 041 | _ageo | ||
| 080 | _a330.1(072) ჩ-69 | ||
| 100 |
_aჩიქავა, ლ. _94391 |
||
| 245 |
_aმეთოდურ თვალსაჩინოებათა კრებული : _bპოლიტიკური ეკონომია / _cლ. ჩიქავას რედ.; საქ. სსრ უმაღლ. და საშ. სპეც. განათლ. სამინ. საზ-ბრივ მეცნ. სწავლებისა და სტუდენტი ახალგაზრდობის იდეურ-პოლიტ. აღზრდის სამეცნ.-მეთოდ. კაბ-ტი. |
||
| 264 |
_aთბ. : _bთბილ. უნ-ტის გამ-ბა, _c1979. |
||
| 300 |
_a286 გვ. : _bილ. ; _c21 სმ. |
||
| 653 | _aპოლიტიკური ეკონომია | ||
| 700 |
_aვალეიკო, ვ. _eავტორი _926192 |
||
| 700 |
_aქირია, ვ. _eავტორი _926193 |
||
| 942 |
_2udc _cᲬᲘᲒᲜᲘ |
||